Filozofowie według haseł - Statystyki

Ogólne statystyki
  • Ten quiz został rozwiązany 62 razy
  • Średni wynik to 9 z 16
Statystyki odpowiedzi
Hasło Filozof % Poprawnych
Psychoanaliza Sigmund Freud
91%
Walka klas Karl Marx
86%
Cogito ergo sum René Descartes
82%
Trójpodział władzy Monteskiusz
73%
Krytyka czystego rozumu Immanuel Kant
70%
Summa Theologica Tomasz z Akwinu
70%
Übermensch Friedrich Nietzsche
68%
Tabula rasa John Locke
50%
Fenomenologia Edmund Husserl
46%
Zeitgeist Georg Wilhelm Friedrich Hegel
46%
Etyka cnót Arystoteles
43%
Człowiek absurdalny Albert Camus
41%
Monady Gottfried Wilhelm Leibniz
36%
3 rodzaje miłości Platon
34%
Czwórmian leczniczy Epikur
21%
Kondycja ludzka Hannah Arendt
11%
Nie znaleziono quizów pasujących do podanych kryteriów
Rozkład punktacji
Procent ludzi z każdym wynikiem
Percentyl według liczby udzielonych odpowiedzi
Twoja historia wyników
Nie rozwiązałeś tego quizu